01161nam a2200289 a 4500001001000000003000900010005001700019007000300036008004100039040003000080082001400110100003800124110000800162245013000170246010200300264006000402300004300462336002700505337003300532338002800565500006500593590002600658910000700684942001400691952014900705999001700854000028791DO-SdBNP20240627113405.0ta240627s1973 dr 000 0 spa d aDO-SdBNPbspacBNPHUerda bM972r222 aMuratore, Joseph R.eautor985870 9447 aLos restos de Cristóbal Colón :buna narración reveladora y documentada sobre los restos de ColóncJoseph R. Muratore aThe remains of Christopher Columbus :ba revealing, documented, narrative, about Columbus`remains aSanto Domingo :bEditorial Cultural Dominicana :c1973. a90 paginas. :bilustraciones ;c22 cm. 2rdacontentatextobtxt 2rdamediaasin mediaciónbn 2rdacarrieravolumenbnc aEste fue publicado en inglés y español en una edición aInventariado, 2024/DG aDG 2ddccLBS1 00102ddc51708PDaBNPHUbBNPHUcCTd2024-06-27edonaciónl0oBNPHU PD M972rp2024-3795r2024-06-27w2024-06-27yLBS1zEmilio Cordero Michel c57037d57037